000 00696nmm a2200265 a 4500
003 AR-Y00000XR
005 20251128211529.0
008 277020s1996 ||||||||||||||000 | spa||
020 _a0-201-85311-6
040 _cAR-Y00000XR
245 1 0 _aRun, run, run!
_ba kutenai indian tale
260 _a[Harlow?]
_bAddison Wesley
_c1996
300 0 _a16 p.
_bil.
650 4 _aENSENANZA DE IDIOMAS
650 4 _aINGLES
650 4 _aLIBROS PARA NINOS
650 4 _aCUENTO INFANTIL
650 4 _aCUENTOS DE ANIMALES
653 0 _aLITERATURA HINDU
653 0 _aADAPTACIONES LITERARIAS
655 _aLITERATURA
700 1 _aSchottman, Elly
_eadaptador
942 _cBK
998 _cmi-desc
999 _c20048
_d20048